Statistics for NHL Teams by Arena Image

Click here to take the quiz!

General Stats

  • This quiz has been taken 50 times
  • The average score is 27 of 31

Answer Stats

Answer% Correct
Los Angeles Kings
96%
Arizona Coyotes
93%
Boston Bruins
93%
Florida Panthers
93%
Minnesota Wild
93%
New York Islanders
93%
Toronto Maple Leafs
93%
Washington Capitals
93%
Anaheim Ducks
89%
Calgary Flames
89%
Carolina Hurricanes
89%
Columbus Blue Jackets
89%
Detroit Red Wings
89%
Montreal Canadiens
89%
New York Rangers
89%
Ottawa Senators
89%
Pittsburgh Penguins
89%
San Jose Sharks
89%
Vancouver Canucks
89%
Vegas Golden Knights
89%
Winnipeg Jets
89%
Chicago Blackhawks
85%
Dallas Stars
85%
Nashville Predators
85%
Edmonton Oilers
81%
Philadelphia Flyers
81%
Colorado Avalanche
78%
New Jersey Devils
78%
St. Louis Blues
78%
Tampa Bay Lightning
78%
Buffalo Sabres
70%

Score Distribution

Percentile by Number Answered

Percent of People with Each Score

Your Score History

You have not taken this quiz